| 000 | 00568nam a2200205Ia 4500 | ||
|---|---|---|---|
| 999 |
_c41080 _d41080 |
||
| 001 | 7729 | ||
| 003 | GE_BSU | ||
| 005 | 20220923104622.0 | ||
| 008 | 181216s2002en xx |||||||||||||| ||eng|| | ||
| 020 | _a10:08791420.-X | ||
| 040 | _cGE_BSU | ||
| 041 | _aeng | ||
| 080 | _a621.3 B-29 | ||
| 245 |
_aBasic Electricity : _bU.S. Naval Personnel and Staff of Research & Education association. |
||
| 264 |
_aAmerica : _bRea, _c2002. |
||
| 300 |
_a490 p.: _b27 cm. |
||
| 653 | _aBasic Electricity. | ||
| 653 | _aელექტროენერგია | ||
| 942 |
_cBK _2udc |
||